| 000 | 00779nam a2200241Ia 4500 | ||
|---|---|---|---|
| 005 | 20250508165934.0 | ||
| 008 | 008 250505s9999 xx 000 0 eng d | ||
| 020 | _a978-0-415-84685-1 | ||
| 037 | _aTextBook | ||
| 040 |
_aFEDL _beng _cFEDL |
||
| 041 |
_aeng _2eng |
||
| 084 |
_a306.43, DAN/R _qFEDL |
||
| 100 | _aDaniels Harry Ed. | ||
| 245 | 0 | _aEducational theories, cultures and learning: A critical perspective | |
| 260 |
_aLondon, UK _bRoutledge _c2009 |
||
| 300 | _aviii, 241p. | ||
| 365 |
_aINR _b12 |
||
| 490 | _aCritical Perspectives on Education | ||
| 546 | _aGifted by H.O.D. Namita Ranganathan memory of Prof. Arvind Gaysu | ||
| 700 |
_a Lauder Jugh Ed. Porter Jill Ed. _9782471 |
||
| 942 |
_cTB _h306.43, DAN/R |
||
| 999 |
_c1398301 _d1398301 |
||